| 000 | 01004nac a22002651u 4500 | ||
|---|---|---|---|
| 010 | _a 88125315 | ||
| 020 | _a18004358221 | ||
| 020 | _a16564032468 | ||
| 082 | 0 | 0 |
_a305.420956 _bSa551 |
| 090 |
_c3322 _d3322 |
||
| 100 | _aSanchez ,James Joseph. | ||
| 245 | 0 | 0 |
_aWomen in the Middle East And North Africa: _cA Bibliography./ _bJames Joseph Sanchez. |
| 260 |
_aSeattle ,Washington: _aRefrence Corpration Aristarchus Knowledge Industries, _bc.1997. _c1987. |
||
| 300 |
_av.2. ; _c30 cm. |
||
| 490 | 1 | _aMiddle East Abstracts And Index ;20 | |
| 500 | _aDonations. | ||
| 500 | _aDonations - Bibliotheca Alexandrina. | ||
| 650 | 0 |
_aWomen _zMiddle East. |
|
| 650 | 0 |
_aWomen in politics _zMiddle East. |
|
| 650 | 0 |
_aWomen Politics _cNorth Africa. |
|
| 700 | 1 | _aSanchez ,James Joseph. | |
| 830 | 0 | _aKhamsin (London, England) | |
| 942 |
_cBB _k305.420956Sa551 |
||
| 999 |
_c3322 _d3322 |
||